Lant growth and bulb quality of garlic in relation To application of humic acid and salicylic acid / (Record no. 17553)

MARC details
000 -LEADER
fixed length control field 01149nam a22002777a 4500
001 - CONTROL NUMBER
control field BD-DhSAU
003 - CONTROL NUMBER IDENTIFIER
control field BD-DhSAU
005 - DATE AND TIME OF LATEST TRANSACTION
control field 20250720103718.0
008 - FIXED-LENGTH DATA ELEMENTS--GENERAL INFORMATION
fixed length control field 150420b2005 bg ||||| m||| 00| 0 eng d
040 ## - CATALOGING SOURCE
Original cataloging agency BD-DhSAU
082 ## - DEWEY DECIMAL CLASSIFICATION NUMBER
Edition number 22
Classification number 635
Item number M741
100 ## - MAIN ENTRY--PERSONAL NAME
Personal name MONAMI, SADIA AHMED
Relator term Registration No. # 14-06021
245 ## - TITLE STATEMENT
Title Lant growth and bulb quality of garlic in relation<br/>To application of humic acid and salicylic acid /<br/><br/>
Remainder of title MS thesis
260 ## - PUBLICATION, DISTRIBUTION, ETC. (IMPRINT)
Place of publication, distribution, etc. Sher-e-Bangla Agricultural Uniersity :
Name of publisher, distributor, etc. Department of Horticulture,
Date of publication, distribution, etc. 2022.
300 ## - PHYSICAL DESCRIPTION
Extent xi, 89p. ;
Dimensions 30 cm.
500 ## - GENERAL NOTE
General note MS thesis of Department of Horticulture, Faculty of Agriculture, Sher-e-Bangla Agricultural University, Dhaka, Bangladesh
504 ## - BIBLIOGRAPHY, ETC. NOTE
Bibliography, etc Includes bibliographical reference.
590 ## - Name of Cataloguer
Name of Cataloger Nazmul
650 ## - SUBJECT ADDED ENTRY--TOPICAL TERM
Topical term or geographic name as entry element Lant growth and bulb quality
651 ## - SUBJECT ADDED ENTRY--GEOGRAPHIC NAME
Geographic name garlic in relation To
654 ## - SUBJECT ADDED ENTRY--FACETED TOPICAL TERM
Focus term humic acid and salicylic acid
700 ## - ADDED ENTRY--PERSONAL NAME
Personal name Assist. Prof. Md. Dulal Sarkar
Relator term Superviser
700 ## - ADDED ENTRY--PERSONAL NAME
Personal name Prof. Dr. Md. Nazrul Islam
Relator term Co-superviser
856 ## - ELECTRONIC LOCATION AND ACCESS
Uniform Resource Identifier <a href="http://archive.saulibrary.edu.bd:8080/xmlui/handle/123456789/5355">http://archive.saulibrary.edu.bd:8080/xmlui/handle/123456789/5355</a>
942 ## - ADDED ENTRY ELEMENTS (KOHA)
Source of classification or shelving scheme Dewey Decimal Classification
Koha item type MS Level Thesis
Holdings
Withdrawn status Lost status Source of classification or shelving scheme Damaged status Not for loan Collection code Home library Branch Name Date acquired Total Checkouts Full call number Barcode Date last seen Price effective from Koha item type
    Dewey Decimal Classification   Not For Loan Reference SAU Library SAU Library 08/09/2024   635 M741 45326 08/09/2024 08/09/2024 MS Level Thesis